Blind Guardian Songs - Statistics

General Stats
  • This quiz has been taken 157 times
  • The average score is 66 of 119
Answer Stats
Answer % Correct
Nightfall in Middle-Earth Nightfall
92%
Imaginations from the Other Side Imaginations from the Other Side
91%
Nightfall in Middle-Earth Mirror Mirror
87%
Follow the Blind Valhalla
83%
Battalions of Fear Battalions of Fear
81%
Somewhere Far Beyond Somewhere Far Beyond
79%
A Night at the Opera And Then There Was Silence
77%
Nightfall in Middle-Earth Into the Storm
77%
Nightfall in Middle-Earth Time Stands Still (At the Iron Hill)
77%
Imaginations from the Other Side Mordred's Song
74%
Somewhere Far Beyond The Bard's Song - In the Forest
74%
Somewhere Far Beyond The Bard's Song - The Hobbit
74%
Nightfall in Middle-Earth War of Wrath
74%
Imaginations from the Other Side And the Story Ends
72%
Follow the Blind Follow the Blind
72%
Tales from the Twilight World Lord of the Rings
72%
Nightfall in Middle-Earth Noldor (Dead Winter Reigns)
72%
A Night at the Opera Precious Jerusalem
72%
Imaginations from the Other Side A Past and Future Secret
70%
A Night at the Opera Battlefield
70%
Imaginations from the Other Side I'm Alive
70%
Somewhere Far Beyond Time What Is Time
70%
Tales from the Twilight World Traveler in Time
70%
Imaginations from the Other Side Bright Eyes
68%
A Twist in the Myth Fly
68%
Battalions of Fear Majesty
68%
Nightfall in Middle-Earth The Curse of Fëanor
68%
Imaginations from the Other Side Born In a Mourning Hall
66%
Tales from the Twilight World Welcome to Dying
66%
Nightfall in Middle-Earth The Eldar
64%
Nightfall in Middle-Earth Thorn
64%
Nightfall in Middle-Earth A Dark Passage
62%
Battalions of Fear Gandalf's Rebirth
62%
Battalions of Fear Guardian of the Blind
62%
Somewhere Far Beyond The Piper's Calling
62%
Somewhere Far Beyond The Quest for Tanelorn
62%
Imaginations from the Other Side The Script for My Requiem
62%
Battalions of Fear Wizard's Crown
62%
Nightfall in Middle-Earth Nom the Wise
60%
Tales from the Twilight World Tommyknockers
60%
A Night at the Opera Under the Ice
60%
Nightfall in Middle-Earth When Sorrow Sang
60%
Imaginations from the Other Side Another Holy War
58%
A Twist in the Myth Another Stranger Me
58%
Nightfall in Middle-Earth Blood Tears
58%
Tales from the Twilight World Lost in the Twilight Hall
58%
A Night at the Opera Punishment Divine
58%
Beyond the Red Mirror The Ninth Wave
58%
At the Edge of Time Wheel of Time
58%
Somewhere Far Beyond Ashes to Ashes
57%
At the Edge of Time Curse My Name
57%
Somewhere Far Beyond Journey Through the Dark
57%
Battalions of Fear Run for the Night
57%
The God Machine Secrets of the American Gods
57%
A Twist in the Myth Skalds & Shadows
57%
Somewhere Far Beyond Theatre of Pain
57%
Nightfall in Middle-Earth The Minstrel
57%
The God Machine Blood of the Elves
55%
Nightfall in Middle-Earth Lammoth
55%
At the Edge of Time Sacred Worlds
55%
Tales from the Twilight World The Last Candle
55%
Tales from the Twilight World Altair 4
53%
Somewhere Far Beyond Black Chamber
53%
Battalions of Fear By the Gates of Moria
53%
The God Machine Deliver Us from Evil
53%
The God Machine Destiny
53%
Tales from the Twilight World Goodbye My Friend
53%
A Twist in the Myth Lionheart
53%
A Twist in the Myth Otherland
53%
Nightfall in Middle-Earth The Dark Elf
53%
A Night at the Opera The Maiden and the Minstrel Knight
51%
Battalions of Fear Trial by the Archon
51%
At the Edge of Time War of the Thrones
51%
The God Machine Violent Shadows
49%
Tales from the Twilight World Weird Dreams
49%
Nightfall in Middle-Earth Final Chapter (Thus Ends...)
47%
Beyond the Red Mirror Miracle Machine
47%
Nightfall in Middle-Earth Out on the Water
47%
At the Edge of Time Tanelorn (Into the Void)
47%
Beyond the Red Mirror The Grand Parade
47%
Beyond the Red Mirror The Holy Grail
47%
Battalions of Fear The Martyr
47%
Nightfall in Middle-Earth The Steadfast
47%
A Twist in the Myth Turn the Page
47%
Beyond the Red Mirror At the Edge of Time
45%
Nightfall in Middle-Earth Battle of Sudden Flame
45%
A Twist in the Myth The New Order
45%
A Night at the Opera The Soulforged
45%
A Twist in the Myth This Will Never End
45%
A Night at the Opera Age of False Innocence
43%
Follow the Blind Banish from Sanctuary
43%
Follow the Blind Barbara Ann
43%
A Twist in the Myth Carry the Blessed Home
43%
The God Machine Let It Be No More
43%
Beyond the Red Mirror Prophecies
43%
At the Edge of Time Ride Into Obssession
43%
Beyond the Red Mirror Twilight of the Gods
43%
Follow the Blind Beyond the Ice
42%
Nightfall in Middle-Earth Captured
42%
Follow the Blind Hall of the King
42%
Follow the Blind Inquisition
42%
A Twist in the Myth The Edge
42%
At the Edge of Time A Voice in the Dark
40%
The God Machine Life Beyond the Spheres
40%
Beyond the Red Mirror Sacred Mind
40%
A Twist in the Myth Straight Through the Mirror
40%
Nightfall in Middle-Earth Face the Truth
38%
At the Edge of Time Valkyries
38%
The God Machine Architects of Doom
36%
The God Machine Damnation
36%
A Night at the Opera Wait for an Answer
36%
Beyond the Red Mirror The Throne
34%
Beyond the Red Mirror Ashes of Eternity
32%
Follow the Blind Fast to Madness
32%
A Night at the Opera Sadly Sings Destiny
32%
At the Edge of Time Control the Divine
30%
Follow the Blind Damned for All Time
30%
Follow the Blind Don't Break the Circle
30%
At the Edge of Time Road of No Release
30%
No matching quizzes found
Score Distribution
Percent of People with Each Score
Percentile by Number Answered
Your Score History
You have not taken this quiz